| 000 | 00948nac a22002531i 4500 | ||
|---|---|---|---|
| 003 | EG-ScBUE | ||
| 005 | 20240901134246.0 | ||
| 008 | 240901r19611958enka f b 001 0 eng d | ||
| 035 | _a(OCoLC)522180 | ||
| 040 |
_aEG-ScBUE _beng _erda _cEG-ScBUE _dEG-ScBUE |
||
| 082 | 0 | 4 |
_a501 _bHAN _222 |
| 100 | 1 |
_aHanson, Norwood Russel, _eauthor. |
|
| 245 | 1 | 0 |
_aPatterns of discovery : _ban inquiry into the conceptual foundations of science / _cby Norwood Russell Hanson, professor of philosophy at Indiana University. |
| 250 | _aReprint edition. | ||
| 264 | 1 |
_aLondon : _bThe Syndics of the Cambridge University Press, _c1961. |
|
| 300 |
_aix, 240 pages : _billustrations ; _c23 cm |
||
| 336 |
_2rdacontent _atext _btxt |
||
| 337 |
_aunmediated _2rdamedia _bn |
||
| 338 |
_avolume _bnc _2rdacarrier |
||
| 504 | _aIncludes bibliographical references and index. | ||
| 650 | 7 |
_aScience _xPhilosophy. _2BUEsh |
|
| 655 | _vReading book | ||
| 942 |
_cBB _2ddc |
||
| 999 |
_c10024 _d10024 |
||